| 000 | 00449pab a2200169 454500 | ||
|---|---|---|---|
| 008 | 180718b2005 xxu||||| |||| 00| 0 eng d | ||
| 100 | _aWeir, Margaret | ||
| 245 | _aThe calculus of coalitions: cities suburbs, and the metropolitan agenda | ||
| 260 | _c2005 | ||
| 300 | _ap.730-60. | ||
| 362 | _aJul | ||
| 650 | _aUrban development | ||
| 700 | _aSwanstrom, Todd | ||
| 700 | _aWolman, Harold | ||
| 773 | _aUrban Affairs Review | ||
| 909 | _a66062 | ||
| 999 |
_c66062 _d66062 |
||